000 01255cam a22002415a 4500
001 L159115
008 160129s65 xxk f 000 0 eng d
035 _a(Sirsi) u159115
041 0 _aeng
100 1 _aYorke, Trevor
245 0 0 _aSurfaces on driveways
_bPart 3 Repairing and renovating exisiting driveways
260 _c2016
490 0 _aLetting Update Journal
_v23 (4) January 2016, 21-23(3)
520 _aLast in a series of three articles on driveways looks at repairing and renovating existing driveways. Before carrying repair and renovation work the article suggests checking drainage, assessing the reasons for any ruts and dips which may have appeared such as poor foundations, tree roots. Suggests repair and renovation techniques for a variety of surfaces including concrete, tarmac, gravel and block pavements. Considers cleaning techniques varying from a simple brush and bucket to jet washing concluding with suitable paints and sealants for completing the task. Useful illustration. See Part 1 L158838 and Part 2 L159032.
590 _aKA
650 2 4 _aDRIVEWAYS
650 2 4 _aPARKING
650 2 4 _aREPAIRS
650 2 4 _aRENOVATION
651 4 _aENGLAND AND WALES
690 _aResidential property
_96266
942 _n0
999 _c115683
_d115683